| 000 | 00837nam a2200229 a 4500 | ||
|---|---|---|---|
| 001 | 000045141 | ||
| 003 | DO-SdBNP | ||
| 005 | 20250522113441.0 | ||
| 008 | 150205s1998 dr a 000 0 spa d | ||
| 040 |
_aDO-SdBNP _bspa _cBNPHU |
||
| 082 | 4 |
_a372.21 _bG943eva |
|
| 245 | 0 | 0 |
_aGuía de la evaluación del proceso del desarrollo del niño y la niña : _btercer ciclo de la educación inicial / _cpresentación Mechy Hernández. |
| 250 | _a3a ed. revisada y actualizada | ||
| 260 |
_aSanto Domingo : _bABM, _c1998. |
||
| 300 |
_a26 p. : _bil. ; _c27 cm. |
||
| 650 | 4 |
_aEducación preescolar _zRepública Dominicana _vGuías _973153 |
|
| 650 | 4 |
_aDesarrollo infanti _vGuías _973154 |
|
| 650 | 4 |
_aEducación inicial _vGuías _973155 |
|
| 650 | 0 |
_aNiños _xcrecimiento _973156 |
|
| 700 | 1 | 2 |
_aHernández, Mechy, _epres. _973157 |
| 942 |
_2ddc _cLBS1 |
||
| 999 |
_c44630 _d44630 |
||